Русская лексикология: активная коммуникация, Учебник для словацких студентов

Λεπτομέρειες βιβλιογραφικής εγγραφής
Κύριος συγγραφέας: В. М. Ляшук
Άλλοι συγγραφείς: Т. А. Сироткина
Περίληψη:Книга находится в премиум-версии платформы «Русский как иностранный».
Учебник адресуется словацким студентам, владеющим русским языком на базовом (коммуникативно необходимом и коммуникативно достаточном) уровне, принятом в российской и международной классификациях. Отражает и формирует комплексное представление о лексикологии как науке, ориентированной на университетский учебный предмет, в рамках которого студенты получают активные знания о лексических особенностях русского языка в сравнении с родным языком. Включает лекционный курс и систему практических занятий. Может быть использован для обучения иностранных студентов филологических и других гуманитарных специальностей вузов.
Гарантированный срок размещения на платформе до 13.07.2028 (автопролонгация)
Έκδοση: Сургут, Сургутский государственный педагогический университет, 2021
Έκδοση:Русская лексикология: активная коммуникация
Θέματα:
Διαθέσιμο Online:Перейти к просмотру издания
Μορφή: MixedMaterials Ηλεκτρονική πηγή

MARC

LEADER 00000 a2200000 4500
001 RU/ROS-EDU.RU/131819
856 4 |u https://www.ros-edu.ru/book?id=131819  |z Перейти к просмотру издания 
010 |a 978-5-93190-397-2 
205 |a Русская лексикология: активная коммуникация  |b 2028-07-13 
333 |a Гарантированный срок размещения на платформе до 13.07.2028 (автопролонгация) 
100 |a 20210101d2021 |||y0rusy0250   |s 2028-07-13 
105 |a y z 000zy 
101 0 |a rus 
102 |a RU 
200 1 |a Русская лексикология: активная коммуникация  |b Электронный ресурс  |e Учебник для словацких студентов  |f В. М. Ляшук, Т. А. Сироткина 
700 1 |b В. М.  |a Ляшук  |4 070 
701 1 |b Т. А.  |a Сироткина  |4 070 
330 |a Учебник адресуется словацким студентам, владеющим русским языком на базовом (коммуникативно необходимом и коммуникативно достаточном) уровне, принятом в российской и международной классификациях. Отражает и формирует комплексное представление о лексикологии как науке, ориентированной на университетский учебный предмет, в рамках которого студенты получают активные знания о лексических особенностях русского языка в сравнении с родным языком. Включает лекционный курс и систему практических занятий. Может быть использован для обучения иностранных студентов филологических и других гуманитарных специальностей вузов. 
210 |a Сургут  |c Сургутский государственный педагогический университет  |d 2021 
610 1 |a русская лексикология 
610 1 |a коммуникация 
610 1 |a словацкий студент 
610 1 |a русский язык 
610 1 |a лингвистика 
610 1 |a лексика 
610 1 |a филология 
675 |a 811.161 
686 |a 81.411  |2 rubbk 
300 |a Книга находится в премиум-версии платформы «Русский как иностранный». 
215 |a 131 с.